000 00581nam a22001937a 4500
005 20260515115042.0
008 240927b |||||||| |||| 00| 0 eng d
020 _a9789355015044
040 _aIN-DiNC
_cIN-DiNC
041 _deng
082 _a954.03
_bSHU
100 _aShukla, Ajay
_eauthor
245 _aThe making of modern India (from 1498 to the modern times):
_bUPSC civil services examination/
_cby Ajay Shukla
250 _a1st ed. rep.
260 _aNew Delhi:
_bS chand publishing,
_c2023.
300 _a438p.
650 _aHistory of modern India
942 _2ddc
_cBK
999 _c11980
_d11980